Normal view
MARC view
- Tomer-Fishman, Tamar.
Entry Personal Name
001 - CONTROL NUMBER
- control field: 44084
003 - CONTROL NUMBER IDENTIFIER
- control field: OSt
005 - DATE AND TIME OF LATEST TRANSACTION
- control field: 20220224150021.0
008 - FIXED-LENGTH DATA ELEMENTS
- fixed length control field: 220224|| aca||aabn | a|a d
040 ## - CATALOGING SOURCE
- Original cataloging agency: OSt
- Transcribing agency: OSt
100 ## - HEADING--PERSONAL NAME
- Personal name: Tomer-Fishman, Tamar.
670 ## - SOURCE DATA FOUND
- Source citation: Work cat.: (OSt): Tomer-Fishman, Tamar., "Cultural defense," "cultural offense," or no culture at all?:, c2010.
